| 000 | 00493nam a22001457a 4500 | ||
|---|---|---|---|
| 082 |
_a628.3 _bFAI _cL-23, P-31 |
||
| 100 |
_aFair, Gordon Maskew _925665 |
||
| 245 |
_aWater wastewater Engineering _bWater purification and wastewater treatment and disposal _cFair, Gordon Maskew |
||
| 260 |
_aLondon _bJohn Wiley & sons _c1968 |
||
| 300 |
_aix, _bill. _c25 cm. |
||
| 526 |
_a0 _b0 _c0 _d628_300000000000000_FAI |
||
| 526 |
_a0 _b0 _c0 _d628_300000000000000_FAI |
||
| 650 |
_aMCE _9379 |
||
| 942 |
_2ddc _cBK |
||
| 999 |
_c548059 _d548059 |
||